书目信息 |
| 题名: |
现代社会调查方法
|
|
| 作者: | 吴增基 , 吴鹏芳 , 苏振芳 主编 | |
| 分册: | ||
| 出版信息: | 上海 上海人民出版社 2003 |
|
| 页数: | 447页 | |
| 开本: | 20cm | |
| 丛书名: | ||
| 单 册: | ||
| 中图分类: | C915 | |
| 科图分类: | ||
| 主题词: | 社会调查--调查方法 , 社会调查 , 调查方法 | |
| 电子资源: | ||
| ISBN: | 7-208-04746-4 | |
| 000 | 00937nam0 2200289 450 | |
| 001 | 012007224420 | |
| 005 | 20070516180331.84 | |
| 010 | @a7-208-04746-4@dCNY23.50 | |
| 100 | @a20070508d2003 km y0chiy0120 ea | |
| 101 | 0 | @achi |
| 102 | @aCN@b310000 | |
| 105 | @aa z 000yy | |
| 106 | @ar | |
| 200 | 1 | @a现代社会调查方法@Axian dai she hui diao cha fang fa@f吴增基,吴鹏芳,苏振芳主编@Fwu zeng ji,wu peng fang,su zhen fang zhu bian |
| 205 | @a2版 | |
| 210 | @a上海@c上海人民出版社@d2003 | |
| 215 | @a447页@c图@d20cm | |
| 330 | @a本书以社会调查的概念与理论为基础,阐述了社会调查的方法体系与基本程序,社会调查的设计与组织,社会调查的基本类型等。 | |
| 606 | 0 | @a社会调查@x调查方法 |
| 606 | 0 | @a社会调查 |
| 606 | 0 | @a调查方法 |
| 690 | @aC915@v4 | |
| 701 | 0 | @a吴增基@Awu zeng ji@4主编 |
| 701 | 0 | @a吴鹏芳@Awu peng fang@4主编 |
| 701 | 0 | @a苏振芳@Asu zhen fang@4主编 |
| 801 | 0 | @aCN@bRULIN@c20070516 |
| 905 | @dC915@e527@s8 | |
| 现代社会调查方法/吴增基,吴鹏芳,苏振芳主编.-2版.-上海:上海人民出版社,2003 |
| 447页:图;20cm |
| ISBN 7-208-04746-4:CNY23.50 |
| 本书以社会调查的概念与理论为基础,阐述了社会调查的方法体系与基本程序,社会调查的设计与组织,社会调查的基本类型等。 |
| ● |
| 相关链接 |
|
|
|
|
正题名:现代社会调查方法
索取号:C915/527
 
预约/预借
| 序号 | 登录号 | 条形码 | 馆藏地/架位号 | 状态 | 备注 |
| 1 | 0571824 | 205718240 | 第一样本阅览室/ [索取号:C915/527] | 在馆 | |
| 2 | 0571825 | 205718259 | 教育系资料室/ [索取号:C915/527] | 在馆 | |
| 3 | 0571826 | 205718268 | 教育系资料室/ [索取号:C915/527] | 在馆 | |
| 4 | 0571827 | 205718277 | 第一借阅区/ [索取号:C915/527] | 在馆 | |
| 5 | 0571828 | 205718286 | 教育系资料室/ [索取号:C915/527] | 在馆 | |
| 6 | 0571829 | 205718295 | 第一借阅区/ [索取号:C915/527] | 在馆 | |
| 7 | 0571830 | 205718302 | 第一借阅区/ [索取号:C915/527] | 在馆 | |
| 8 | 0571831 | 205718311 | 教育系资料室/ [索取号:C915/527] | 在馆 |